000 00925nam a2200205Ia 4500
999 _c36597
_d36597
001 2516
003 GE_BSU
005 20190513191417.0
008 181216s1992||||ge |||||||||||||| ||geo||
020 _a511004693
040 _cGE_BSU
041 _ageo
100 _aფირცხალავა, ნოე
_91089
245 _aარაორგანული ქიმია :
_bპერიოდული სისტემის S და P ელემენტების ქიმია; სახელმძღვ. სტუდ. /
_cნოე ფირცხალავა; რედ.: მ. უგულავა
264 _aთბილისი :
_bთბილ. უნ-ტის გამ-ბა,
_c1992.
300 _a480გვ. ;
_b20სმ.
653 _aარაორგანული ქიმია
700 _aუგულავა,მ.
_eრედაქტორი
_91090
942 _cBK
_2udc